[Event "Hessen Senioren-ch 2012  8th"]
[Site "Bad Sooden-Adf. (14.4.-22.4)"]
[Date "2012.04.17"]
[Round "4.100"]
[White "Hespers, Rolf"]
[Black "Bartl, Birgit"]
[Result "1-0"]
[WhiteElo "1465"]
[BlackElo "1096"]
[PlyCount "63"]
[EventDate "2012.04.??"]
[EventType "swiss"]
[EventRounds "9"]
[EventCountry "GER"]
[WhiteTeam "Weida(Thür) Osterburg TuS"]
[BlackTeam "Erfurt USV"]

1. d4 Nf6 2. c4 d5 3. c5 g6 4. Bf4 Bg7 5. Nc3 O-O 6. Nb5 Na6 7. Nf3 Nh5 8. Bd2
c6 9. Nc3 b6 10. cxb6 axb6 11. e3 Re8 12. Be2 Nf6 13. O-O Nd7 14. Qb3 e5 15.
dxe5 Nxe5 16. Rac1 Be6 17. Nd4 Nc5 18. Qc2 Bd7 19. h3 Rc8 20. b3 Ne6 21. Nxe6
Bxe6 22. a4 b5 23. axb5 cxb5 24. Bxb5 Bd7 25. Bxd7 Nxd7 26. Qd1 d4 27. exd4
Bxd4 28. Rb1 Qf6 29. Qf3 Qxf3 30. gxf3 Ne5 31. Kg2 Nd3 32. Nb5 1-0

[Event "Hessen Senioren-ch 2012  8th"]
[Site "Bad Sooden-Adf. (14.4.-22.4)"]
[Date "2012.04.17"]
[Round "4.101"]
[White "Fister, Horst-Lothar"]
[Black "Neumann, Peter Dr(39)"]
[Result "0-1"]
[WhiteElo "1273"]
[BlackElo "1462"]
[PlyCount "55"]
[EventDate "2012.04.??"]
[EventType "swiss"]
[EventRounds "9"]
[EventCountry "GER"]
[WhiteTeam "Werther 1949 SK"]
[BlackTeam "Warnemünde SF"]

1. Nf3 d5 2. d4 Nf6 3. e3 e6 4. Bd3 c5 5. c3 Nc6 6. O-O Bd6 7. Nbd2 O-O 8. dxc5
Bxc5 9. e4 dxe4 10. Nxe4 Be7 11. Qe2 h6 12. Nxf6+ Bxf6 13. Qe4 g6 14. Bxh6 Re8
15. Rad1 Qe7 16. h4 e5 17. Bg5 Bf5 18. Qe3 e4 19. Bxf6 Qxf6 20. Ng5 exd3 21.
Qf4 Kg7 22. Qc7 Re7 23. Qf4 Rae8 24. g4 Be6 25. Qg3 Ne5 26. Ne4 Nf3+ 27. Kh1
Qxh4+ 28. Kg2 0-1

[Event "Hessen Senioren-ch 2012  8th"]
[Site "Bad Sooden-Adf. (14.4.-22.4)"]
[Date "2012.04.17"]
[Round "4.102"]
[White "Stark, Werner(51)"]
[Black "Schumacher, Ursula"]
[Result "0-1"]
[WhiteElo "1084"]
[BlackElo "1446"]
[PlyCount "106"]
[EventDate "2012.04.??"]
[EventType "swiss"]
[EventRounds "9"]
[EventCountry "GER"]
[WhiteTeam "Königstein/Schwalbach Sfr."]
[BlackTeam "Bad Neuenahr SC"]

1. e4 c6 2. d4 d5 3. e5 Bf5 4. Bd3 Bxd3 5. Qxd3 e6 6. a3 Nd7 7. Nf3 c5 8. b3
cxd4 9. Qxd4 Bc5 10. Qd2 Ne7 11. O-O Ng6 12. Re1 O-O 13. b4 Be7 14. c3 Rc8 15.
Bb2 Nb6 16. Qd1 Nc4 17. Ra2 Qc7 18. Nbd2 Ngxe5 19. Nxc4 Nxc4 20. Qc2 Bf6 21. g3
Nxb2 22. Rxb2 Bxc3 23. Qc1 Bxe1 24. Qxe1 Qc3 25. Qxc3 Rxc3 26. Kg2 Rfc8 27. a4
R8c4 28. a5 b5 29. axb6 axb6 30. b5 Ra4 31. Ne5 Rc7 32. f4 Kf8 33. Rb3 Ke7 34.
Kf3 Kd6 35. Nc6 Kc5 36. Nd8 Kc4 37. Rb1 Ra3+ 38. Kg4 Rd7 39. Nc6 f6 40. h3 Rb3
41. Rxb3 Kxb3 42. Nd4+ Kc4 43. Nxe6 d4 44. f5 d3 45. Nf8 Rd4+ 46. Kh5 d2 47.
Nxh7 d1=Q+ 48. g4 Rd5 49. Nf8 Rxf5+ 50. Kg6 Rg5+ 51. Kf7 Qd5+ 52. Ne6 Kxb5 53.
h4 Rxg4 0-1

[Event "Hessen Senioren-ch 2012  8th"]
[Site "Bad Sooden-Adf. (14.4.-22.4)"]
[Date "2012.04.17"]
[Round "4.103"]
[White "Ludwig, Egbert"]
[Black "Koehler, Marianne"]
[Result "0-1"]
[WhiteElo "1124"]
[BlackElo "1384"]
[PlyCount "40"]
[EventDate "2012.04.??"]
[EventType "swiss"]
[EventRounds "9"]
[EventCountry "GER"]
[WhiteTeam "Eichholz-Remmighaus TuS"]
[BlackTeam "Sennewitz 2011 SG"]

1. d4 Nf6 2. Nf3 d5 3. c4 dxc4 4. Qa4+ c6 5. Qxc4 Qd5 6. Qd3 Bf5 7. Qd1 Bxb1 8.
Rxb1 Qxa2 9. Bg5 Qa5+ 10. Bd2 Qc7 11. g3 Qd8 12. Bg2 Ne4 13. Bf4 Qb6 14. O-O f6
15. Qd3 Nd6 16. e4 g5 17. Be3 Qd8 18. Bh3 Kf7 19. Rfd1 h5 20. e5 Ne8 0-1

[Event "Hessen Senioren-ch 2012  8th"]
[Site "Bad Sooden-Adf. (14.4.-22.4)"]
[Date "2012.04.17"]
[Round "4.104"]
[White "Graffenberger, Marianne"]
[Black "Nols, Uwe"]
[Result "0-1"]
[WhiteElo "1129"]
[BlackElo "1171"]
[PlyCount "125"]
[EventDate "2012.04.??"]
[EventType "swiss"]
[EventRounds "9"]
[EventCountry "GER"]
[WhiteTeam "Hamburger SK"]
[BlackTeam "Itzehoer SV"]

1. e4 e5 2. Nf3 Nc6 3. d4 d5 4. dxe5 dxe4 5. Qxd8+ Nxd8 6. Nfd2 Bf5 7. Nc4 Nc6
8. Bf4 Nge7 9. Nc3 Rd8 10. Be2 b5 11. Ne3 Nd4 12. Bxb5+ c6 13. Ba4 g6 14. Ne2
Nxe2 15. Kxe2 Bg7 16. Rhd1 O-O 17. g4 Nd5 18. Nxd5 Bxg4+ 19. Ke1 Bxd1 20. Ne3
Bf3 21. Bxc6 a5 22. Bb5 Rb8 23. Be2 Rxb2 24. Bxf3 exf3 25. Kd1 Rb5 26. Nc4 Rb4
27. Nxa5 Rxf4 28. Rb1 Bxe5 29. Nc6 Rf5 30. Ne7+ Kg7 31. Nxf5+ gxf5 32. h3 Re8
33. Rb3 Ra8 34. a3 Bd6 35. Rxf3 Kf6 36. Rd3 Ke5 37. h4 Bxa3 38. c4 Bc5 39. f3
Ra1+ 40. Kc2 Rh1 41. f4+ Ke6 42. Rd5 Rf1 43. Kb2 Rf2+ 44. Kb3 Rf3+ 45. Ka4 Be7
46. Kb5 Rxf4 47. c5 Kf6 48. Rd3 Re4 49. c6 Re5+ 50. Kb6 Bd6 51. Rc3 f4 52. c7
Bxc7+ 53. Kxc7 Re3 54. Rc6+ Kf5 55. Rh6 f3 56. Rxh7 f6 57. Rh5+ Kg6 58. Rh8 Kf5
59. Rh5+ Kf4 60. Rh6 f5 61. h5 Kg3 62. Rh7 Kf4 63. h6 0-1

[Event "Hessen Senioren-ch 2012  8th"]
[Site "Bad Sooden-Adf. (14.4.-22.4)"]
[Date "2012.04.18"]
[Round "5.1"]
[White "Ljubarskij, Juri"]
[Black "Haubt, Georg"]
[Result "1/2-1/2"]
[WhiteElo "2168"]
[BlackElo "2189"]
[PlyCount "47"]
[EventDate "2012.04.??"]
[EventType "swiss"]
[EventRounds "9"]
[EventCountry "GER"]
[WhiteTeam "Hannover 96 Schach"]
[BlackTeam "Oberursel SV"]

1. e4 d5 2. exd5 Qxd5 3. Nc3 Qd6 4. d4 Nf6 5. Bc4 a6 6. Nf3 b5 7. Bb3 Bb7 8.
O-O e6 9. Re1 c5 10. a4 c4 11. Ba2 Qb6 12. Be3 Nd5 13. Nxd5 Bxd5 14. c3 Nd7 15.
b3 Bd6 16. bxc4 bxc4 17. Ne5 Qc7 18. f4 Nf6 19. Qe2 Rc8 20. Bb1 O-O 21. Bf2 g6
22. Rf1 Nh5 23. Bg3 Qb7 24. Bc2 1/2-1/2

[Event "Hessen Senioren-ch 2012  8th"]
[Site "Bad Sooden-Adf. (14.4.-22.4)"]
[Date "2012.04.18"]
[Round "5.2"]
[White "Szenetra, Werner"]
[Black "Ugolyk, Vitaliy"]
[Result "1-0"]
[WhiteElo "2088"]
[BlackElo "2210"]
[PlyCount "53"]
[EventDate "2012.04.??"]
[EventType "swiss"]
[EventRounds "9"]
[EventCountry "GER"]
[WhiteTeam "Rastatt SC"]
[BlackTeam "Fulda SC"]

1. Nf3 Nf6 2. d3 g6 3. g3 Bg7 4. Bg2 O-O 5. O-O c5 6. e4 Nc6 7. Nbd2 d6 8. c3
Rb8 9. d4 cxd4 10. Nxd4 Bd7 11. N2b3 Ne5 12. h3 Nc4 13. Kh2 Qc7 14. Nc2 a5 15.
Ne3 b5 16. Nxc4 bxc4 17. Nd4 e5 18. Nc2 Be6 19. Qe2 d5 20. exd5 Bxd5 21. Bxd5
Nxd5 22. Na3 Rfc8 23. Rd1 Nb6 24. Be3 Na4 25. Nxc4 Nxc3 26. bxc3 Qxc4 27. Rd8+
1-0

[Event "Hessen Senioren-ch 2012  8th"]
[Site "Bad Sooden-Adf. (14.4.-22.4)"]
[Date "2012.04.18"]
[Round "5.3"]
[White "Hassenrueck, Helmut"]
[Black "Knaak, Joachim"]
[Result "1/2-1/2"]
[WhiteElo "2151"]
[BlackElo "2099"]
[PlyCount "92"]
[EventDate "2012.04.??"]
[EventType "swiss"]
[EventRounds "9"]
[EventCountry "GER"]
[WhiteTeam "Gladbeck 19/23 SG"]
[BlackTeam "Dresden-Leuben SV"]

1. d4 d5 2. Nf3 Nf6 3. c4 c6 4. Nc3 e6 5. e3 Nbd7 6. Qc2 Bd6 7. Bd3 O-O 8. O-O
dxc4 9. Bxc4 e5 10. Bb3 Qe7 11. h3 b6 12. Rd1 Bb7 13. dxe5 Bxe5 14. Nxe5 Nxe5
15. e4 c5 16. Nd5 Nxd5 17. Bxd5 Bxd5 18. exd5 Rfd8 19. Bf4 f6 20. Bg3 Rd7 21.
Re1 Qf7 22. f4 Ng6 23. f5 Ne5 24. Bxe5 fxe5 25. Rxe5 Rxd5 26. Rae1 Rxe5 27.
Rxe5 Rf8 28. b3 h6 29. Qe4 Qd7 30. Rd5 Qf7 31. Kh2 Re8 32. Qd3 Qe7 33. Rd7 Qe5+
34. Qg3 Qxg3+ 35. Kxg3 a6 36. Kf3 Rc8 37. Rd6 b5 38. Rxa6 c4 39. bxc4 bxc4 40.
Ke2 c3 41. Kd1 Rc5 42. g4 h5 43. Kc2 hxg4 44. hxg4 Rc4 45. Ra3 Rxg4 46. Rxc3
Rg5 1/2-1/2

[Event "Hessen Senioren-ch 2012  8th"]
[Site "Bad Sooden-Adf. (14.4.-22.4)"]
[Date "2012.04.18"]
[Round "5.4"]
[White "Van den Berg, Ad"]
[Black "Franck, Rudolf"]
[Result "1/2-1/2"]
[WhiteElo "1998"]
[BlackElo "2064"]
[PlyCount "61"]
[EventDate "2012.04.??"]
[EventType "swiss"]
[EventRounds "9"]
[EventCountry "GER"]
[WhiteTeam "NED/Philidor Leiden"]
[BlackTeam "Ellwangen SC"]
[WhiteTeamCountry "NED"]

1. e4 e5 2. Nc3 Bc5 3. Nf3 Nc6 4. Nxe5 Bxf2+ 5. Kxf2 Nxe5 6. d4 Ng6 7. Bc4 d6
8. Rf1 Be6 9. Bb3 N8e7 10. Kg1 O-O 11. Qh5 c6 12. Be3 Qd7 13. h3 Bxb3 14. axb3
f5 15. d5 fxe4 16. Nxe4 Rxf1+ 17. Rxf1 Rf8 18. Rxf8+ Nxf8 19. dxc6 bxc6 20. Qg4
Qxg4 21. hxg4 Nc8 22. Bf4 d5 23. Nc5 Kf7 24. Be5 g6 25. Kf2 Ne6 26. Nxe6 Kxe6
27. Bd4 a6 28. Bh8 c5 29. Bg7 a5 30. Bf8 Ne7 31. Bh6 1/2-1/2

[Event "Hessen Senioren-ch 2012  8th"]
[Site "Bad Sooden-Adf. (14.4.-22.4)"]
[Date "2012.04.18"]
[Round "5.5"]
[White "Limberg, Siegfried"]
[Black "Piankov, Evgenij"]
[Result "1/2-1/2"]
[WhiteElo "1980"]
[BlackElo "2271"]
[PlyCount "120"]
[EventDate "2012.04.??"]
[EventType "swiss"]
[EventRounds "9"]
[EventCountry "GER"]
[WhiteTeam "Königstein/Schwalbach Sfr."]
[BlackTeam "UKR (Ukraine)"]
[BlackTeamCountry "UKR"]

1. d4 d5 2. Nf3 Nf6 3. Bg5 Ne4 4. Bh4 c5 5. e3 Qb6 6. Qc1 Nc6 7. c3 Bf5 8. Nbd2
Rc8 9. Nb3 e6 10. Be2 Bd6 11. O-O O-O 12. Rd1 c4 13. Nbd2 Qc7 14. Nf1 b5 15.
N3d2 b4 16. Nxe4 Bxe4 17. f3 Bg6 18. Bg3 Rb8 19. Bxd6 Qxd6 20. Ng3 bxc3 21.
Qxc3 Qb4 22. Rd2 Rb6 23. Rc1 Rfb8 24. b3 cxb3 25. axb3 Na5 26. Ra2 Nxb3 27.
Qxb4 Rxb4 28. Rc7 a5 29. Bd1 Rc4 30. Rxc4 dxc4 31. Ne2 Bd3 32. Nc3 f5 33. Kf2
Kf7 34. d5 e5 35. e4 g6 36. g3 g5 37. exf5 Bxf5 38. f4 exf4 39. gxf4 gxf4 40.
Kf3 Ke7 41. Kxf4 Bg6 42. Ke5 Re8 43. Bg4 h5 44. Be6 Bf7 45. Rg2 Kd8 46. Rg7
Bxe6 47. dxe6 Nc5 48. Rg6 a4 49. Kd5 Nd3 50. Rh6 Nb2 51. Kd6 a3 52. Rh7 Kc8 53.
Ra7 Kb8 54. Rxa3 Rd8+ 55. Kc6 Nd3 56. Ra5 Nb4+ 57. Kc5 Nd3+ 58. Kxc4 Nf4 59. e7
Re8 60. Nd5 Nxd5 1/2-1/2

[Event "Hessen Senioren-ch 2012  8th"]
[Site "Bad Sooden-Adf. (14.4.-22.4)"]
[Date "2012.04.18"]
[Round "5.6"]
[White "Peleikis, Horst"]
[Black "Bakhmatov, Eduard"]
[Result "1/2-1/2"]
[WhiteElo "1973"]
[BlackElo "2198"]
[PlyCount "31"]
[EventDate "2012.04.??"]
[EventType "swiss"]
[EventRounds "9"]
[EventCountry "GER"]
[WhiteTeam "Lister Turm SK"]
[BlackTeam "Hattingen SV"]

1. e4 c5 2. Nf3 e6 3. d4 cxd4 4. Nxd4 Nf6 5. Nc3 d6 6. Be2 Be7 7. Be3 O-O 8.
O-O Nc6 9. f4 Bd7 10. Qd2 Nxd4 11. Bxd4 Bc6 12. Bf3 Qc7 13. Rfd1 Rfd8 14. Qe2
b6 15. Kh1 Qb7 16. a4 1/2-1/2

[Event "Hessen Senioren-ch 2012  8th"]
[Site "Bad Sooden-Adf. (14.4.-22.4)"]
[Date "2012.04.18"]
[Round "5.7"]
[White "Liebert, Heinz"]
[Black "Haselhorst, Helmut"]
[Result "1/2-1/2"]
[WhiteElo "2155"]
[BlackElo "1984"]
[PlyCount "30"]
[EventDate "2012.04.??"]
[EventType "swiss"]
[EventRounds "9"]
[EventCountry "GER"]
[WhiteTeam "Halle Volksbank USV"]
[BlackTeam "Ost/Westbevern SK"]

1. c4 Nf6 2. Nf3 g6 3. Nc3 Bg7 4. g3 O-O 5. Bg2 d6 6. d4 Nc6 7. O-O a6 8. Qd3
Bf5 9. e4 Bg4 10. d5 Bxf3 11. Qxf3 Nd4 12. Qd1 c5 13. dxc6 Nxc6 14. Bd2 Rb8 15.
Rc1 b5 1/2-1/2

[Event "Hessen Senioren-ch 2012  8th"]
[Site "Bad Sooden-Adf. (14.4.-22.4)"]
[Date "2012.04.18"]
[Round "5.8"]
[White "Kierzek, Matthias Dr"]
[Black "Niebuhr, Gerd"]
[Result "1-0"]
[WhiteElo "2138"]
[BlackElo "1954"]
[PlyCount "33"]
[EventDate "2012.04.??"]
[EventType "swiss"]
[EventRounds "9"]
[EventCountry "GER"]
[WhiteTeam "Fulda SC"]
[BlackTeam "Wedemark Freibauer"]

1. d4 Nf6 2. c4 g6 3. Nc3 d5 4. Nf3 Bg7 5. Qb3 dxc4 6. Qxc4 O-O 7. e4 Bg4 8.
Be2 Nc6 9. d5 Bxf3 10. gxf3 Na5 11. Qd3 c5 12. e5 Nd7 13. f4 Qb6 14. b3 Rac8
15. Qe3 a6 16. Bd2 Qd8 17. Bg4 1-0

[Event "Hessen Senioren-ch 2012  8th"]
[Site "Bad Sooden-Adf. (14.4.-22.4)"]
[Date "2012.04.18"]
[Round "5.9"]
[White "Lindner, Jan Joost"]
[Black "Kopp, Peter Dr(46)"]
[Result "1-0"]
[WhiteElo "2105"]
[BlackElo "1955"]
[PlyCount "107"]
[EventDate "2012.04.??"]
[EventType "swiss"]
[EventRounds "9"]
[EventCountry "GER"]
[WhiteTeam "NED (Niederlande)"]
[BlackTeam "Hofheim 1920 SV"]
[WhiteTeamCountry "NED"]

1. f4 d5 2. Nf3 Nf6 3. e3 g6 4. Be2 Bg7 5. O-O O-O 6. d3 c5 7. Qe1 Nc6 8. Nc3
d4 9. Ne4 Nxe4 10. dxe4 Nb4 11. Bd1 d3 12. c3 Nc6 13. e5 Be6 14. Bd2 Qb6 15. b3
f6 16. exf6 exf6 17. e4 Rfe8 18. Be3 Qa5 19. Qf2 b6 20. Bd2 c4 21. b4 Qa6 22.
Nh4 Qb7 23. f5 Bf7 24. fxg6 hxg6 25. Qg3 Ne5 26. Bf4 g5 27. Nf5 Qxe4 28. Nd6
gxf4 29. Qxg7+ Kxg7 30. Nxe4 Bd5 31. Nd6 Re6 32. Nf5+ Kg6 33. Rxf4 Kg5 34. g3
Nc6 35. h4+ Kg6 36. b5 Ne7 37. Bg4 Rf8 38. Raf1 Re4 39. Rxe4 Bxe4 40. Nxe7+ Kf7
41. Bf5 Bb7 42. Nc6 Re8 43. Bg4 Kg6 44. Kf2 a6 45. Re1 Ra8 46. Re7 f5 47. Bf3
axb5 48. Rxb7 Rxa2+ 49. Ke3 Rc2 50. Ne5+ Kf6 51. Kd4 d2 52. Rf7+ Ke6 53. Bd5+
Kd6 54. Rd7# 1-0

[Event "Hessen Senioren-ch 2012  8th"]
[Site "Bad Sooden-Adf. (14.4.-22.4)"]
[Date "2012.04.18"]
[Round "5.10"]
[White "Holscher, Peter"]
[Black "Weyrauch, Erich"]
[Result "0-1"]
[WhiteElo "1959"]
[BlackElo "1989"]
[PlyCount "92"]
[EventDate "2012.04.??"]
[EventType "swiss"]
[EventRounds "9"]
[EventCountry "GER"]
[WhiteTeam "NED/Hoorn Caissa"]
[BlackTeam "Letmathe SV"]
[WhiteTeamCountry "NED"]

1. d4 Nf6 2. Nf3 d5 3. c4 c6 4. Nbd2 Nbd7 5. g3 Qa5 6. Qc2 e6 7. Bg2 Bd6 8. O-O
O-O 9. b3 e5 10. dxe5 Nxe5 11. Bb2 Re8 12. Bc3 Qd8 13. Qb2 Qe7 14. Rad1 Bg4 15.
Rfe1 dxc4 16. Nxc4 Nxc4 17. bxc4 Ba3 18. Qa1 Bb4 19. Bxb4 Qxb4 20. Rb1 Qe7 21.
Qb2 Rab8 22. Nd4 Qc7 23. h3 Bd7 24. e4 c5 25. Nb3 Be6 26. Qc3 Nd7 27. f4 f6 28.
Rbd1 Rbd8 29. e5 fxe5 30. fxe5 Nb6 31. Na5 Na4 32. Qc2 Qxa5 33. Bxb7 Rd4 34.
Re3 Rxc4 35. Qg2 Qc7 36. Rd6 Nb6 37. Ra3 Rd4 38. Bc6 Re7 39. Bb5 Rxd6 40. exd6
Qxd6 41. Rd3 Qc7 42. Qd2 Rf7 43. Qg5 Rf8 44. Re3 Qf7 45. Qxc5 Qf2+ 46. Kh1 Bd5+
0-1

[Event "Hessen Senioren-ch 2012  8th"]
[Site "Bad Sooden-Adf. (14.4.-22.4)"]
[Date "2012.04.18"]
[Round "5.11"]
[White "Lang, Ferdinand(49)"]
[Black "Rychlik, Kurt"]
[Result "1-0"]
[WhiteElo "2051"]
[BlackElo "1942"]
[PlyCount "91"]
[EventDate "2012.04.??"]
[EventType "swiss"]
[EventRounds "9"]
[EventCountry "GER"]
[WhiteTeam "Bad Wimpfen SC"]
[BlackTeam "Berenbostel SV"]

1. e4 c5 2. Nf3 d6 3. d4 cxd4 4. Nxd4 Nf6 5. Nc3 a6 6. Bc4 Qc7 7. Bb3 e6 8. O-O
Be7 9. Bg5 Nc6 10. Qd3 Nxd4 11. Qxd4 b5 12. Rad1 Bb7 13. Rfe1 Rd8 14. a3 O-O
15. h3 Rd7 16. Rd3 Bc6 17. Kh1 Qb7 18. f3 Bd8 19. Qe3 h6 20. Bf4 e5 21. Bh2 Bb6
22. Qd2 Rfd8 23. Rd1 Ba5 24. Qf2 b4 25. axb4 Bxb4 26. Ba4 Bxa4 27. Nxa4 Qb5 28.
b3 g5 29. Bg1 d5 30. Nb6 Rd6 31. exd5 Ba5 32. Nc4 Rxd5 33. Nxe5 Bc3 34. Rxd5
Rxd5 35. Rxd5 Qxd5 36. Nd3 Nh5 37. g3 Bd4 38. Qg2 Qd6 39. Kh2 a5 40. Bxd4 Qxd4
41. Qe2 Nf6 42. Qe5 Qb6 43. Kg2 Qd8 44. Nf2 Nd5 45. Ng4 Kh7 46. Qxd5 1-0

[Event "Hessen Senioren-ch 2012  8th"]
[Site "Bad Sooden-Adf. (14.4.-22.4)"]
[Date "2012.04.18"]
[Round "5.12"]
[White "Gerhardt, Peter-Michael"]
[Black "Raedeker, Bernd"]
[Result "0-1"]
[WhiteElo "1916"]
[BlackElo "2059"]
[PlyCount "82"]
[EventDate "2012.04.??"]
[EventType "swiss"]
[EventRounds "9"]
[EventCountry "GER"]
[WhiteTeam "Vahr SC"]
[BlackTeam "Stuttgarter SF"]

1. d4 d5 2. Nf3 Nc6 3. e3 Bg4 4. Be2 e6 5. Nc3 Nf6 6. Bd2 Bd6 7. h3 Bh5 8. a3
a6 9. O-O O-O 10. Nh2 Bxe2 11. Qxe2 e5 12. dxe5 Nxe5 13. Rad1 Re8 14. Bc1 c6
15. Nf3 Ng6 16. Nd4 Bc7 17. g3 Qd7 18. Kg2 c5 19. Nf3 Qc6 20. Kh2 Rad8 21. Ng1
h5 22. Qf3 h4 23. Nge2 hxg3+ 24. fxg3 Ne5 25. Qg2 Nc4 26. Rf3 Ne4 27. Rf5 Nxc3
28. Nxc3 d4 29. exd4 cxd4 30. Nd5 Be5 31. Nb4 Qc7 32. Nd3 g6 33. Rf3 Bd6 34.
Rdf1 Rd7 35. Nf4 Bxf4 36. Bxf4 Qc6 37. Bc1 Ne3 38. Bxe3 dxe3 39. Re1 Rd2 40.
Re2 Rxe2 41. Qxe2 Qxf3 0-1

[Event "Hessen Senioren-ch 2012  8th"]
[Site "Bad Sooden-Adf. (14.4.-22.4)"]
[Date "2012.04.18"]
[Round "5.13"]
[White "Noble, Alexander"]
[Black "Krebs, Dietmar(44)"]
[Result "1/2-1/2"]
[WhiteElo "1939"]
[BlackElo "1950"]
[PlyCount "72"]
[EventDate "2012.04.??"]
[EventType "swiss"]
[EventRounds "9"]
[EventCountry "GER"]
[WhiteTeam "Bad Nauheim SC"]
[BlackTeam "Kölner Dr. Lasker SK"]

1. e4 c5 2. Nc3 Nc6 3. g3 g6 4. Bg2 Bg7 5. Nge2 e6 6. d3 Nge7 7. Rb1 a6 8. a4
d6 9. O-O O-O 10. Be3 Nd4 11. b4 Nxe2+ 12. Nxe2 Qc7 13. c3 Bd7 14. Qb3 Rab8 15.
Rfc1 Rfc8 16. d4 c4 17. Qd1 f5 18. f3 Rf8 19. a5 Rbe8 20. Qd2 fxe4 21. fxe4 d5
22. Bf4 Qc6 23. e5 Rf7 24. Rf1 Ref8 25. Bg5 Qc8 26. Rxf7 Rxf7 27. Bxe7 Rxe7 28.
Rf1 Qe8 29. Bh3 Rf7 30. Rxf7 Qxf7 31. Qf4 Qxf4 32. Nxf4 Kf7 33. Kf2 Ke7 34. Ke2
Bh6 35. Bg4 Bf8 36. h4 Bh6 1/2-1/2

[Event "Hessen Senioren-ch 2012  8th"]
[Site "Bad Sooden-Adf. (14.4.-22.4)"]
[Date "2012.04.18"]
[Round "5.14"]
[White "Lippmann, Ulrich"]
[Black "Zunker, Reinhard Dr"]
[Result "0-1"]
[WhiteElo "1890"]
[BlackElo "2030"]
[PlyCount "72"]
[EventDate "2012.04.??"]
[EventType "swiss"]
[EventRounds "9"]
[EventCountry "GER"]
[WhiteTeam "Papenburg SC"]
[BlackTeam "Hofheim 1920 SV"]

1. Nf3 d6 2. d4 g6 3. b3 Bg7 4. Bb2 Nf6 5. Nbd2 O-O 6. e3 a6 7. Bd3 Nc6 8. a3
e5 9. O-O Re8 10. dxe5 dxe5 11. Be2 e4 12. Nd4 Ne5 13. b4 Qe7 14. N4b3 b6 15.
Nc4 Nfg4 16. Nxe5 Nxe5 17. Bd4 Bb7 18. Qc1 Rad8 19. Qb2 h5 20. Rad1 Qg5 21. Kh1
Qh4 22. h3 Bc8 23. Nd2 Bxh3 24. g3 Qe7 25. Rfe1 b5 26. Kh2 Bf5 27. Kg2 Qe6 28.
Rh1 Bf6 29. Qb3 Qc6 30. Qc3 Qb7 31. Nb3 Rd6 32. Na5 Qc8 33. Qa1 Bg4 34. Rhe1
Bf3+ 35. Kh2 Qg4 36. Rd2 h4 0-1

[Event "Hessen Senioren-ch 2012  8th"]
[Site "Bad Sooden-Adf. (14.4.-22.4)"]
[Date "2012.04.18"]
[Round "5.15"]
[White "Niebling, Ferdinand"]
[Black "Bachmann, Rolf"]
[Result "1/2-1/2"]
[WhiteElo "1998"]
[BlackElo "1933"]
[PlyCount "65"]
[EventDate "2012.04.??"]
[EventType "swiss"]
[EventRounds "9"]
[EventCountry "GER"]
[WhiteTeam "Frankfurt-West SC"]
[BlackTeam "Hamm SVg"]

1. d4 d5 2. c4 c6 3. Nf3 e6 4. e3 f5 5. Nc3 Nf6 6. Qc2 Nbd7 7. cxd5 Nxd5 8. Bd2
g6 9. Be2 Bg7 10. O-O O-O 11. a3 Re8 12. b4 Nxc3 13. Bxc3 e5 14. Qb3+ Kh8 15.
dxe5 Nxe5 16. Nd4 Qe7 17. Rfd1 Be6 18. Nxe6 Qxe6 19. Qb2 Qe7 20. f4 Ng4 21.
Bxg7+ Qxg7 22. Qxg7+ Kxg7 23. Bxg4 fxg4 24. Rd7+ Kf6 25. Kf2 Re7 26. Rad1 Rae8
27. Rxe7 Rxe7 28. Rd4 Kf5 29. Ke2 g5 30. g3 h5 31. Kd3 gxf4 32. Rxf4+ Kg6 33.
Rf2 1/2-1/2

[Event "Hessen Senioren-ch 2012  8th"]
[Site "Bad Sooden-Adf. (14.4.-22.4)"]
[Date "2012.04.18"]
[Round "5.16"]
[White "Schneider, Alexander(52)"]
[Black "Kotlar, Alfred"]
[Result "1/2-1/2"]
[WhiteElo "1981"]
[BlackElo "1825"]
[PlyCount "60"]
[EventDate "2012.04.??"]
[EventType "swiss"]
[EventRounds "9"]
[EventCountry "GER"]
[WhiteTeam "Wilhelmshavener SF"]
[BlackTeam "Recklinghausen 06 SK"]

1. d4 d5 2. c4 c6 3. Nc3 Nf6 4. Nf3 e6 5. e3 Bd6 6. Qc2 Nbd7 7. Bd3 h6 8. Bd2
O-O 9. h3 Re8 10. O-O Nf8 11. e4 dxe4 12. Nxe4 Nxe4 13. Bxe4 Qc7 14. Bc3 b6 15.
b4 Bb7 16. a4 f5 17. c5 Be7 18. Bd3 Bf6 19. Bc4 Kh8 20. Rfe1 Rad8 21. Ne5 Bc8
22. Bb2 Bxe5 23. Rxe5 Ng6 24. Ree1 bxc5 25. dxc5 Qf4 26. Rad1 Qg5 27. Rxd8 Rxd8
28. Rd1 Rxd1+ 29. Qxd1 Kh7 30. Qd3 e5 1/2-1/2

[Event "Hessen Senioren-ch 2012  8th"]
[Site "Bad Sooden-Adf. (14.4.-22.4)"]
[Date "2012.04.18"]
[Round "5.17"]
[White "Gousseinov, Aguif"]
[Black "Busic, Nedjeljko"]
[Result "1/2-1/2"]
[WhiteElo "1935"]
[BlackElo "1883"]
[PlyCount "141"]
[EventDate "2012.04.??"]
[EventType "swiss"]
[EventRounds "9"]
[EventCountry "GER"]
[WhiteTeam "FRA/Paris"]
[BlackTeam "Bad Nauheim SC"]
[WhiteTeamCountry "FRA"]

1. e4 d6 2. d4 Nf6 3. Nc3 g6 4. f4 c6 5. Nf3 Qa5 6. Bd2 Qc7 7. Be2 Nbd7 8. e5
dxe5 9. fxe5 Nd5 10. O-O N7b6 11. Ne4 f5 12. exf6 Nxf6 13. Nfg5 Nxe4 14. Nxe4
Bf5 15. Rxf5 gxf5 16. Bh5+ Kd8 17. Ng5 Qd7 18. Qe2 Bg7 19. c3 e5 20. Nf7+ Kc7
21. Nxh8 Rxh8 22. dxe5 Qe6 23. Re1 Rd8 24. Bf4 Rd7 25. b3 h6 26. c4 Re7 27. Qe3
Nd7 28. Qxa7 Bxe5 29. Bxe5+ Nxe5 30. Qa5+ Kb8 31. Qd8+ Ka7 32. Rd1 Rd7 33. Rxd7
Nxd7 34. Qa5+ Kb8 35. Qd2 Kc7 36. Bf3 Qd6 37. Qxd6+ Kxd6 38. Kf2 b6 39. Ke3 c5
40. Kf4 Ke6 41. g4 Ne5 42. gxf5+ Kf6 43. Be4 Nf7 44. a3 Ne5 45. Bc2 Nc6 46. Bd3
Ne5 47. Be4 h5 48. h4 Ng4 49. b4 Ne5 50. bxc5 bxc5 51. Bd5 Nd3+ 52. Ke3 Nb2 53.
Ke4 Na4 54. Bc6 Nc3+ 55. Kd3 Na2 56. Bd7 Nc1+ 57. Kc2 Ne2 58. a4 Nd4+ 59. Kd3
Ke5 60. a5 Kd6 61. Be6 Nc6 62. Bd5 Nxa5 63. Ke4 Ke7 64. Ke5 Nb3 65. f6+ Kf8 66.
Kd6 Ke8 67. Kc6 Kf8 68. Kd6 Ke8 69. Bf3 Kf7 70. Bxh5+ Kxf6 71. Bd1 1/2-1/2

[Event "Hessen Senioren-ch 2012  8th"]
[Site "Bad Sooden-Adf. (14.4.-22.4)"]
[Date "2012.04.18"]
[Round "5.18"]
[White "Petzold, Hans ProfDr"]
[Black "Schmidt, Manfred Dr(37)"]
[Result "1-0"]
[WhiteElo "1996"]
[BlackElo "1850"]
[PlyCount "81"]
[EventDate "2012.04.??"]
[EventType "swiss"]
[EventRounds "9"]
[EventCountry "GER"]
[WhiteTeam "Dresden TU USV"]
[BlackTeam "Springe SV"]

1. e4 d5 2. Nc3 dxe4 3. Nxe4 Nf6 4. Nxf6+ exf6 5. d4 Bd6 6. Bd3 O-O 7. Be3 Nc6
8. c3 Ne7 9. Qc2 g6 10. O-O-O Bf5 11. h4 Bxd3 12. Qxd3 Nf5 13. Bd2 Qd7 14. Qf3
c6 15. g4 Ng7 16. Qxf6 Be7 17. Qf3 f5 18. g5 Bd6 19. Re1 Rae8 20. Rxe8 Rxe8 21.
Qd3 Bc7 22. b3 Nh5 23. Nh3 b5 24. Re1 Rxe1+ 25. Bxe1 Nf4 26. Nxf4 Bxf4+ 27. Bd2
Qd6 28. Be3 Kf7 29. Kb2 a6 30. Qd2 Bxe3 31. Qxe3 f4 32. Qe4 Kf8 33. h5 Kf7 34.
Kc2 Kf8 35. h6 Kf7 36. f3 Kf8 37. Qe5 Qa3 38. Qh8+ Ke7 39. Qxh7+ Kd8 40. Qg8+
Kc7 41. b4 1-0